Corporate accounting Ed 3 (Record no. 166425)
[ view plain ]
| 000 -LEADER | |
|---|---|
| fixed length control field | 00620nam a2200241Ia 4500 |
| 003 - CONTROL NUMBER IDENTIFIER | |
| control field | OSt |
| 005 - DATE AND TIME OF LATEST TRANSACTION | |
| control field | 20230516150230.0 |
| 008 - FIXED-LENGTH DATA ELEMENTS--GENERAL INFORMATION | |
| fixed length control field | 210423s2013 xx 000 0 und d |
| 020 ## - INTERNATIONAL STANDARD BOOK NUMBER | |
| International Standard Book Number | 978-81-203-4627-7 |
| 040 ## - CATALOGING SOURCE | |
| Transcribing agency | AL |
| 041 ## - LANGUAGE CODE | |
| Language code of text/sound track or separate title | eng |
| 082 ## - DEWEY DECIMAL CLASSIFICATION NUMBER | |
| Classification number | 657.95 GOYC |
| 100 ## - MAIN ENTRY--PERSONAL NAME | |
| Personal name | GOYAL(V K);GOYAL(Ruchi) |
| 9 (RLIN) | 105701 |
| 245 ## - TITLE STATEMENT | |
| Title | Corporate accounting Ed 3 |
| 250 ## - EDITION STATEMENT | |
| Edition statement | 3 |
| 260 ## - PUBLICATION, DISTRIBUTION, ETC. | |
| Place of publication, distribution, etc. | Delhi |
| Name of publisher, distributor, etc. | PHI Learning Pvt Ltd |
| Date of publication, distribution, etc. | 2013 |
| 300 ## - PHYSICAL DESCRIPTION | |
| Extent | xiv,630p |
| Other physical details | PB |
| 365 ## - TRADE PRICE | |
| Price amount | 450 |
| Currency code | INR |
| 650 ## - SUBJECT ADDED ENTRY--TOPICAL TERM | |
| Topical term or geographic name entry element | Accounting |
| 9 (RLIN) | 105702 |
| 650 ## - SUBJECT ADDED ENTRY--TOPICAL TERM | |
| Topical term or geographic name entry element | Corporate Accounting |
| 9 (RLIN) | 105703 |
| 906 ## - LOCAL DATA ELEMENT F, LDF (RLIN) | |
| a | 3 ; accounting ; Corporate ; Ed |
| 942 ## - ADDED ENTRY ELEMENTS (KOHA) | |
| Source of classification or shelving scheme | Dewey Decimal Classification |
| Koha item type | Book |
| Withdrawn status | Lost status | Damaged status | Not for loan | Collection code | Home library | Current library | Date acquired | Source of acquisition | Cost, normal purchase price | Total Checkouts | Full call number | Barcode | Date last seen | Price effective from | Koha item type |
|---|---|---|---|---|---|---|---|---|---|---|---|---|---|---|---|
| M Com | St Aloysius PG Library | St Aloysius PG Library | 02/14/2015 | Biblios Book Point | 450.00 | 657.95 GOYC | PG012925 | 08/24/2022 | 04/26/2021 | Book |